[Event "Subasic Memorial 3rd"]
[Site "Zenica"]
[Date "2004.12.09"]
[Round "7"]
[White "Atalik, Suat"]
[Black "Jurkovic, Hrvoje"]
[Result "1-0"]
[WhiteElo "2541"]
[BlackElo "2448"]
[Annotator "Atalik,S"]
[PlyCount "83"]
[EventDate "2004.12.05"]
[EventType "tourn"]
[EventRounds "9"]
[EventCountry "BIH"]
[EventCategory "7"]
[SourceTitle "CBM 104"]
[Source "ChessBase"]
[SourceDate "2005.01.27"]
[SourceVersion "1"]
[SourceVersionDate "2005.01.27"]
[SourceQuality "1"]

1. d4 d5 2. c4 Nc6 $5 {Hrvoje is a very talented player like many other Croats
however his awkward opening repertoir in my opinion derives him from better
results.} 3. Nf3 ({I have lost my interest in the line I have created against
Chigorin Defence.} 3. cxd5 Qxd5 4. e3 e5 5. Nc3 Bb4 6. Bd2 Bxc3 7. Bxc3 exd4 8.
Ne2 Nf6 $1 9. Nxd4 O-O) 3... Bg4 4. Nc3 e6 5. cxd5 {I believe the exchange is
better than rightaway Bf4 against which Miladinovic had acceptable positions.}
(5. Bf4 dxc4 6. e3 Bd6 7. Bg3 Nf6 8. Bxc4 O-O 9. O-O $14) 5... exd5 6. Bf4 Bxf3
7. gxf3 Bd6 {The standart reaction.} (7... Bb4 8. e3 Nge7 9. Qc2 Ng6 10. Bg3
Qf6 11. O-O-O O-O-O 12. f4 $14) 8. Bg3 {The ending does not pose black any
problems.} (8. Nxd5 $6 Bxf4 9. Nxf4 Qxd4 10. Qxd4 Nxd4 11. O-O-O Rd8 12. e3 (
12. Rg1 g6) 12... Ne6 13. Rxd8+ Kxd8 14. Nxe6+ fxe6 15. Rg1 g6 16. Bc4 (16. Rg5
Nf6 17. Ra5 a6 18. Bc4 Re8 $11) 16... Kd7 17. f4 Nh6 $132) 8... Nge7 9. e3 h5
10. a3 $5 {My idea was to prevent him from moving the bishop out say to b4 and
having the threat of h4.} h4 11. Bxd6 Qxd6 12. Bh3 $1 $14 {Preventing him from
castling long gives white some advantage, from this moment on black should be
very careful.} a6 $5 {I can not say if this one is necessary.} (12... Nd8 13.
Qc2 c6 14. f4 Qf6 15. Rg1 Ne6 16. O-O-O $14) 13. f4 Nd8 14. Qb3 Rh6 $5 (14...
c6 15. Na4 $40) 15. Rg1 Kf8 16. O-O-O $5 {I have failed to see his next!} (16.
Rd1 c6 17. Na4 $14 {was enough for an edge.}) 16... Ndc6 $2 {Hrvoje comes with
a bluff.} (16... c6 17. Na4 $14) 17. Rg5 $6 {I could have cashed the pawn.} (
17. Qxb7 $142 $1 Qd8 (17... Rb8 18. Qxa6 Nxd4 19. Qxd6 Nb3+ 20. Kc2 Rxd6 21.
Rg5 c6 22. Rh5 d4 23. Bf1 $18 {is bad.}) 18. Qb3 Na5 (18... Rb8 19. Qa4 (19.
Qc2 Na5 20. Bf1 Kg8 21. Kb1 Rhb6 22. Na4 Rc6 23. Nc5 Nb3 24. Rd3 Nxc5 25. dxc5
$16) 19... Na7 20. Qd7 Qxd7 21. Bxd7 Rd6 22. Ba4 Rdb6 23. Rd2 Nb5 24. Bxb5 axb5
25. Rg5 c6 26. Rh5 b4 27. axb4 Rxb4 28. Rh8+ Ng8 29. Rxh4 $18) 19. Qa4 c6 20.
Bf1 Qb6 21. Qc2 Rb8 22. Kb1 Nb3 23. Rg5 $16) 17... Na5 (17... f6 18. Rg2 $1 $16
{ends up in a weakened kingside for black.} (18. Rxd5 Nxd5 19. Qxd5 Rd8 20. Qg2
$44)) 18. Qb4 {There is no way back. When I have refused to win a pawn I was
already counting on this ending.} (18. Qc2 $2 b5 (18... Nc4 19. Nxd5 Nxa3 20.
Qc5 Nxd5 21. Rxd5 Qxc5+ 22. dxc5 $18) 19. Rdg1 b4 20. axb4 Nac6 21. Na2 Nxb4
22. Nxb4 Qxb4 23. Rxg7 Rb8 $1 24. Kb1 Ng6 25. R1xg6 Rxg6 26. Rxg6 fxg6 27. Be6
Qb5 $17) 18... Qxb4 19. axb4 Nac6 (19... Nc4 $2 20. Nxd5 $18) (19... f6 $2 {
leads to a good exchange sac for white.} 20. Rxd5 $1 (20. Rg2 $6 Nc4 21. Rdg1
g6 22. b5 axb5 (22... Kf7 23. Kc2) 23. Nxb5 Ra1+ (23... c6 24. Nc3 Kf7 25. Kc2
Rhh8 $15) 24. Kc2 Ra2 25. Nxc7 Rxb2+ 26. Kd3 Rb3+ 27. Kc2 Rb2+ $11 {is minimum
a draw!}) (20. Nxd5 $2 fxg5 21. Nxe7 Kxe7 22. bxa5 gxf4 $19) 20... Nxd5 21.
Nxd5 Nc4 $8 (21... Nc6 22. Nxc7 Rb8 23. d5 Nxb4 24. e4 $18) 22. Nxc7 Ra7 23. e4
b5 24. Ne6+ Ke8 25. d5 $18) 20. Nxd5 Nxd5 ({After} 20... f6 $2 {white's knight
does not fall on a8 in the following line.} 21. Nxc7 fxg5 22. fxg5 Rd6 23. Nxa8
Nxb4 24. Kb1 Rc6 (24... Ned5 25. e4 Nf4 26. Bc8 $18) 25. Bg2 (25. Rc1 $6 Nd3
26. Rxc6 bxc6 27. Nc7 Nxf2 28. Bd7 a5 $132) 25... Rc2 26. Rf1 $18) 21. Rxd5
Nxb4 22. Rd7 $6 {The main idea on white's previous play. However most likely I
could have settled for a smaller advantage.} (22. Rc5 $5 c6 $8 (22... Rc6 $2
23. Bg2 (23. Rxc6 Nxc6 24. Bg2 Nd8 25. f5 $16) 23... Rxc5+ 24. dxc5 c6 25. Rd7
Rb8 26. f5 a5 27. Bf1 Re8 28. Bc4 Re7 29. Rd8+ Re8 30. Rxe8+ Kxe8 31. e4 Ke7
32. e5 $18) 23. Rg5 Rd8 $14) 22... Rc6+ 23. Kb1 a5 $6 {I did not see this but
probably it was not the best move in the position.} (23... Re8 $142 $1 24. d5
Rd6 25. Rd4 Rxd7 26. Bxd7 Rd8 27. Rxb4 Rxd7 28. Rxb7 Rxd5 29. Kc2 Rc5+ 30. Kd3
Rd5+ 31. Ke2 Rc5 32. b4 Rc2+ 33. Kf3 Ke8 34. Ra7 Rc4 35. Kg4 Rxb4 36. Kxh4 Rb8
37. Rxa6 Rc8 $44 {The ending pauses a lot of problems for white because of the
double pawns on f line and the weak h one.}) (23... Ke8 $6 24. d5 Rd6 25. Rxd6
cxd6 26. e4 $1 $16 (26. Rg1 $2 Kf8 27. Rg4 Kg8 28. Rxh4 Nd3 29. Bf5 Nxf2 30.
Bh7+ Kf8 31. Bc2 Ke7 $15) (26. Rd4 $2 a5 27. Re4+ Kd8 28. f5 Nxd5 29. Rxh4 Kc7
$1 30. Rg4 Rg8 31. Bg2 Nf6 32. Ra4 Ra8 $1 33. Rc4+ Kb6 34. Rd4 Rh8 35. h4 Rh5
36. Rxd6+ Kc7 37. Rd2 Rxf5 $15 {and black has better chances with his
advantage on the queenside in numbers.})) (23... Rc2 $5 24. Rc1 (24. d5 Rxf2
25. Rxc7 Rd8 26. Bd7 Rxh2 27. Rxb7 Nc2 28. e4 Ne3 $132) 24... Rxc1+ 25. Kxc1
Nd3+ 26. Kd2 (26. Kc2 Nxf2 27. Bg2 Re8 28. Rxc7 Rxe3 29. Bd5 f6 30. Rf7+ Ke8
31. Rxg7 Re2+ 32. Kb3 Nd3 33. Bc4 Re3 34. Bxd3 Rxd3+ 35. Kc4 Rd2 36. Rxb7 Rxh2
37. Kd5 h3 38. Rh7 Rxb2 39. Rxh3 Rb5+ 40. Kc6 Rb4 41. d5 Rc4+ 42. Kd6 Rxf4 $11)
26... Nxb2 (26... Nxf2 $2 27. Bg2 $16) 27. Rxc7 b5 28. Bf1 Na4 29. Bg2 $14) 24.
Bg2 $1 {I have seen that he can not trap my rook.} (24. Rc1 $2 Rxc1+ 25. Kxc1
Nd3+ 26. Kc2 Nxf2 27. Bg2 Re8 28. Rxc7 Rxe3 29. Kd2 Rb3 30. Rxb7 Rxb7 31. Bxb7
Ng4 32. h3 Nf6 33. Bf3 Ke7 34. Kd3 Ke6 35. b3 (35. Kc4 $2 Kf5 36. Kb5 Kxf4 37.
Bb7 Kg3 38. Bc8 g5 $19) 35... g6 $11) 24... Rc2 (24... Rc8 25. Bxc6 bxc6 26. d5
Nxd5 27. R1xd5 cxd5 28. Rxd5 c5 29. Rh5 Ke7 30. Rxh4 g6 31. f5 gxf5 32. Rf4 Rh8
33. h4 Kd6 34. Kc2 $16 {should be significantly better for white.}) 25. Bd5 $1
{The star move by white!} Ke8 (25... a4 $2 {After the game Hrvoje proposed
this. However it leads to a catastrophe for black. All white has to do is not
to pull the bishop out of d5 in order to construct a mating net around his
opponents king.} 26. Rxf7+ Ke8 27. Rxg7 a3 28. bxa3 (28. Rg8+ Ke7 29. bxa3 Rxa3
30. Rdg1 $18) 28... Rxa3 29. Rdg1 $1 Rxf2 30. Rg8+ Ke7 31. R1g7+ Kd6 32. Rd8#)
26. Rxf7 Rxf2 {I was not sure about some endings when he brings around an
exchange sac!} (26... Nxd5 27. Rxg7 Kf8 (27... Rxf2 28. Rg8+ Kd7 29. Rxa8 Nxe3
30. Rd3 Nd5 31. Rh3 Rxf4 32. Rh8 Nb4 33. Kc1 $18) 28. Rdg1 Rxf2 29. Rg8+ Kf7
30. Rxa8 Nxe3 31. Rxa5 Rxh2 32. Rc1 c6 33. Ra7 Kf6 34. Rxb7 Kf5 35. Rxc6 Kxf4
36. Rf7+ Kg5 37. Rc8 $16) 27. Be6 {The best place for the bishop.} (27. Bc4 $6
b5 28. Rxg7 bxc4 29. Rg8+ Kd7 30. Rxa8 Rxh2 31. Rxa5 h3 (31... Nd3 32. b3 (32.
Ra2 h3 33. Rf1) 32... Nf2 33. Rg1 Ne4 34. Rg7+ Kc6 35. Rg6+ Kd7 36. Rd5+ Ke7
37. bxc4 Nc3+ 38. Kc1 Nxd5 39. cxd5 $18) 32. Rb5 Nd3 33. b3 Nf2 34. Rc1 cxb3
35. Rxb3 Ne4 36. Rb5 Re2 37. Rd5+ Kc8 38. Rh5 h2 39. Rh7 Kd8 40. f5 Rg2 41. Rh6
$1 $16) 27... Ra6 $1 {That was the move I was anticipating. Now black's rook
enters the game with big effect, he threatens Rb6 or Rc6-c2 depending on
white's continuation.} (27... a4 $2 28. Rxc7 $18) 28. f5 $1 {The right pawn
push the other one leads to a draw.} (28. d5 $2 Rb6 29. Rxg7 (29. Rxc7 $2 Rxb2+
$1 {is the trick.} 30. Kxb2 Nxd5+ 31. Ka2 Nxc7 $17) 29... Na6 30. Rg8+ Ke7 31.
Rg7+ $11) 28... Rc6 29. Rxg7 Rcc2 30. Rdg1 Rxb2+ 31. Ka1 Rbd2 {There is no
difference in where he deploys the rook.} (31... Rbe2 32. Rxc7 Nc2+ 33. Kb1
Na3+ 34. Kc1 Rc2+ 35. Rxc2 Rxc2+ (35... Nxc2 $5) 36. Kd1 {leads to the game.})
32. Rxc7 Nc2+ 33. Kb1 Na3+ 34. Kc1 Rc2+ 35. Rxc2 Rxc2+ $2 {This is the natural
move however sometimes our perception betrays us. He had to chose the other
one.} (35... Nxc2 $1 {was a tough nut to crack.} 36. d5 (36. f6 Rxf6 37. Kxc2
Rxe6 38. Kd3 b5 39. Rg8+ Kd7 40. Rb8 b4 41. e4 Re8 42. Rb5 Ra8 43. d5 a4 44.
Rxb4 a3 45. Rb1 a2 46. Ra1 Kd6 $11) 36... Ke7 37. Rg7+ $1 (37. Rd1 $2 Kd6 38.
Rd2 Nb4 39. Rxf2 Nd3+ 40. Kd2 Nxf2 41. Kc3 Ke5 42. Kc4 a4 43. Kb4 Ng4 $17)
37... Kd6 38. f6 Nxe3 39. Rd7+ Ke5 40. f7 a4 41. Re7 $1 (41. Rd8 $2 a3 42. f8=Q
Rc2+ 43. Kb1 Rb2+ 44. Kc1 Rc2+ $11) 41... Kd4 42. d6 a3 43. Rxb7 $18) 36. Kd1
$18 {Now finally white is winning.} Ke7 $6 {He had to keep an eye on the f
pawn.} (36... Rf2 $142 37. e4 $1 (37. Ke1 $2 Rxh2 38. f6 Nc2+ 39. Kd1 Rg2 40.
Rh1 Nxe3+ 41. Kc1 Rc2+ 42. Kb1 Rf2 43. f7+ Ke7 44. d5 Kd6 45. Rxh4 Nxd5 46.
Bxd5 Kxd5 47. Rh5+ $11) 37... Nb5 38. d5 $1 (38. Ke1 $2 Rf4 39. Rg8+ Ke7 40.
Rg7+ Kf6 41. Rg6+ Ke7 $11) 38... Nc3+ 39. Ke1 Re2+ 40. Kf1 Ke7 41. e5 $1 Rxe5
42. Rg7+ Kd6 43. Rd7+ Kc5 44. Rc7+ Kd4 45. d6 Nd5 46. d7 $18) 37. Rg7+ $5 {
At this stage of the game I have designed a plan to push d and f pawns.} (37.
e4 Rxh2 38. e5 Nc2 39. Rg7+ Kd8 40. Rg8+ Ke7 41. d5 Ne3+ 42. Ke1 $18) 37... Kf6
38. Rg6+ Ke7 39. d5 Rf2 40. Ke1 $1 {The point!He can not keep his rook on the
f line thus the win is rather simple now.} Rxh2 41. f6+ Kd6 42. f7 {The pawn
is unstoppable.} (42. f7 Nc2+ 43. Kf1 Nxe3+ 44. Kg1 $18) 1-0

[Event "Pula op 19th"]
[Site "Pula"]
[Date "2005.06.26"]
[Round "9"]
[White "Atalik, Suat"]
[Black "Fercec, Nenad"]
[Result "1/2-1/2"]
[WhiteElo "2561"]
[BlackElo "2504"]
[Annotator "Atalik,S"]
[PlyCount "74"]
[EventDate "2005.06.19"]
[EventType "swiss"]
[EventRounds "9"]
[EventCountry "CRO"]
[SourceTitle "CBM 106 Extra"]
[Source "ChessBase"]
[SourceDate "2005.07.01"]
[SourceVersion "1"]
[SourceVersionDate "2005.07.01"]
[SourceQuality "1"]

1. d4 d5 2. c4 Nc6 {These days the Croatian GM Nenad Fercec only plays the
Chigorin against 1.d4.} 3. cxd5 (3. Nf3 Bg4 4. Nc3 e6 5. cxd5 exd5 6. Bf4 Bxf3
7. gxf3 Nf6 $5 $13 {which is already played by Fercec should be well
investigated.}) 3... Qxd5 4. e3 e5 5. Nc3 Bb4 6. Bd2 Bxc3 7. Bxc3 $5 {For this
important last round encounter I stick to my old gun. Maybe it is not the most
dangerous system after all but white is absolutely safe there.} exd4 8. Ne2 Nf6
$1 {This is the move which made many people to quit my system including myself.
} 9. Nxd4 O-O 10. Qb3 $1 {The move caused a confusion in my opponent he
started to consume huge chunks of time this moment on.} (10. Nb5 $6 Qg5 $40 {
is unnecessarily complicated especially in this tournament situation.
Consulting for years to Alex about what to play against people finally
resulted to pay its fruits so I do not go for such moves anymore.}) 10... Qxb3
$6 (10... Nxd4 $1 11. Bxd4 (11. Qxd5 $6 Nc2+ 12. Kd2 Nxd5 13. Kxc2 Bf5+ 14. Bd3
Bxd3+ 15. Kxd3 Rad8 $11) 11... Qd6 $11) 11. axb3 ({I have spent some time on} 
11. Nxb3 Ne4 12. Bb5 Bd7 13. Rc1 $11) 11... Nxd4 12. Bxd4 Ne4 $5 {At first
sight this knights sortie looked to me like a waste of time then I started to
think that it may even cause material loss.} (12... Be6 13. Bc4 $14) 13. f3 {
I did not want to move my rook from the a line.} (13. Rc1 c6 14. f3 Ng5 $14 (
14... Nd6 $2 15. Bc5 Rd8 16. Rd1 $18)) 13... Nd6 $1 (13... Ng5 $6 14. b4 Ne6
15. Bc3 $16) 14. Rc1 (14. Rxa7 $6 Rxa7 15. Bxa7 Be6 16. Bc5 Ra8 $132) 14... Be6
15. Rxc7 Bxb3 $5 {He simply changes the order of moves.} (15... Rfc8 16. Rxc8+
Rxc8 17. Kd2 Bxb3 18. Bd3 {transposes to the text.}) 16. Bd3 {I had to rely on
my bishops.} ({Since} 16. Bc5 $6 Rfd8 17. Bxd6 Rxd6 18. Rxb7 Bd5 $1 (18... Rb6
$2 19. Rxb6 axb6 20. Kd2 Ra1 21. g3 $18) 19. Rb4 Be6 $1 20. Be2 a5 21. Rb7 Bd5
(21... a4 22. Kf2 Bb3 (22... Rd2 23. Rd1 Rc2 24. Ra7 Rb8 25. Rxa4 Rcxb2 $14)
23. Ra1 Rad8 24. Bb5 Rd2+ 25. Kg3 Bd5 26. Rd7 Rxd7 27. Bxd7 Bb7 28. Bxa4 Rxb2
$14) 22. Rc7 Bb3 23. e4 (23. Rc3 Rb8) 23... a4 24. Kf2 Rd2 25. Rb1 Rad8 26. Ke3
g6 $11 {and I did not see a way to keep the pawn because black will simply
invade the second rank.} 27. Rb7 Rc2 28. g3 Rdd2 29. Bd1 Rxb2 30. Bxb3 axb3 31.
Rxb3 Rxb1 32. Rxb1 Rxh2 $11 {is a sample line.}) 16... Rfc8 17. Rxc8+ Rxc8 18.
Kd2 a5 19. Rc1 Nc4+ {Accompanied with a draw offer. Well if I want I can
exchange on c4 and force of a draw.} ({Black cannot exchange the rooks. The
combinational power of the pair of bishops and the proximity of white's king
to the scene of action may result in a loss for black in this case.} 19... Rxc1
$2 20. Kxc1 Nc4 (20... b5 21. Kd2 b4 22. Bc2 Bxc2 (22... Be6 23. Ba4 f6 24. b3
$16) 23. Kxc2 $16) 21. Bc2 a4 22. Bxb3 axb3 23. Kd1 $16) 20. Ke2 b5 21. g4 a4
$2 {Again he does the same and changes the move order. Last time it was just
interesting this time he should have lost the game because of it.} (21... h6
22. h4 a4 {is the logical way of reching the game continuation.}) 22. h4 $6 {
I gave him the chance to get rid of his most vulnerable pawn absolutely
unnecessarily.} (22. g5 $1 g6 (22... Rc6 $6 23. Be4) (22... b4 23. h4 Nb6 $2
24. Rxc8+ Nxc8 25. Bc5 a3 26. bxa3 bxa3 27. Bxa3 $18) 23. h4 b4 (23... Kf8 24.
h5 Ke7 25. h6 $1 $16 {is the idea I have missed during the game.}) 24. h5 $1 (
24. f4 $6 Kf8 25. f5 Ke7 26. h5 gxh5 27. Rh1 a3 28. bxa3 bxa3 $132) 24... gxh5
$1 (24... Kf8 $2 25. h6 $1 Ke7 26. f4 Ke6 27. e4 Rc7 28. f5+ $18) 25. Rh1 Nd6
$1 (25... Rd8 26. Bf6 $1 (26. Rxh5 $2 Rxd4 27. exd4 Nxb2 28. Bxh7+ Kg7 $19 {
The pawns are very dangerous.}) 26... Re8 27. Kf2 $1 $18) 26. Be5 $1 (26. Rxh5
$2 Bc4 27. Rh6 Bxd3+ 28. Kxd3 Rd8 (28... Nc4 $2 29. Ra6 a3 30. b3 Nb2+ 31. Kd2
$18) 29. Rh2 a3 (29... Nf5 $2 30. Kc4 $18) 30. bxa3 bxa3 31. Ra2 Nb5 32. Kc4
Nxd4 33. exd4 Ra8 34. Kb4 Rd8 $11) 26... Nc4 (26... Nb7 $6 27. Rxh5 Bc4 28.
Bxc4 Rxc4 29. Rh6 a3 30. bxa3 Rc5 31. f4 bxa3 32. Rb6 a2 33. Bf6 $18) 27. Bf6
Re8 28. Kf2 Nxe3 29. Rxh5 Nd5 30. Bxh7+ Kf8 31. Be4 Nxf6 32. gxf6 Kg8 33. Rb5
$18) 22... h6 $1 {Recovering from his mistake.} 23. g5 hxg5 24. hxg5 b4 25. f4
{Since I did not see a clear plan I have understood that I have to squeeze him
in the kingside by pushing all my pawns forward.} (25. Rh1 $6 Nd6 26. Rh7 $140
Ne8) 25... Rc6 $1 (25... a3 $2 26. bxa3 bxa3 27. Rc3 Ba2 28. Kf2 $18 {Black is
tied bonded and possibly gagged.}) 26. Be4 (26. f5 $2 Ne5 27. Rxc6 Nxc6 28. Bc5
Ne5 $11) 26... Rd6 27. f5 ({I had another serious plan but since in the
resulting edgame the material was diminished I did not take it.} 27. Bc2 $5
Bxc2 28. Rxc2 Rc6 29. Kd3 Na5 30. Rxc6 Nxc6 31. Bc5 a3 $1 (31... f5 32. g6) (
31... Kh7 32. Kc4 a3 33. bxa3 bxa3 34. Bxa3 Kg6 35. Kd5 Na5 36. e4 f6 37. Bb4
Nb7 38. Kc6 Nd8+ 39. Kd7 Nf7 40. Be7 fxg5 41. Bxg5 Nh8 42. e5 $18) 32. bxa3
bxa3 33. Bxa3 g6 $8 34. e4 Nd8 35. Kd4 Ne6+ 36. Ke5 Kg7 37. Be7 Kg8 38. f5 gxf5
39. exf5 Nc7 $11) 27... a3 28. bxa3 bxa3 29. Bd3 {This has looked like giving
the best of chances.} (29. g6 fxg6 (29... f6 $6 30. Rb1 Nb2 31. Bxb2 axb2 32.
Rxb2 Bc4+ 33. Kf3 Rd8 $14) 30. fxg6 a2 31. Bd3 Rc6 32. Bc2 Bxc2 33. Rxc2 Ne5
34. Rxa2 Nxg6 35. Ra7 $11) (29. Kd3 Rd8 $1 (29... a2 $2 30. Kc3 Rd8 (30... Na5
31. Kb4 Bd5 32. g6 fxg6 33. fxg6 Nb7 34. Rc8+ Nd8 35. Bxd5+ Rxd5 36. Kc4 Rd7
37. Ra8 Kf8 38. Rxa2 $16) 31. Kxb3 Nd2+ 32. Kxa2 Nxe4 33. g6 fxg6 34. fxg6 Ng5
35. Rc6 $1 $18) 30. Kc3 Rc8 $1 $11) 29... a2 $11 {He still has to be careful
but the position is drawish now.} (29... Rc6 30. Rc3 Na5 31. Kd2 a2 32. Rxc6
Nxc6 33. Ba1 Nb4 34. Be4 Bd5 $11) 30. Ba1 {The most principled move.} (30. g6
fxg6 31. fxg6 Rc6 32. Bc2 (32. Be4 Rd6 33. Kd3 Ne5+ 34. Kc3 Bd5 $1 $11) 32...
Bxc2 33. Rxc2 a1=Q 34. Bxa1 Ne5 $11) 30... Rc6 31. Rh1 $5 {I was planning this
switch to the other side.} (31. Rc3 Na5 $11) (31. e4 Ne5 $11) 31... Na3 (31...
Na5 {also makes a draw.} 32. Bxg7 Kxg7 33. f6+ Kg8 34. Bh7+ Kf8 35. Bf5 $8 Kg8
36. Bh7+ Kf8 37. Bf5 $11) (31... Nd6 32. Be5 $5 $11 (32. Bxg7 Bd5 33. Rh6 Nxf5
(33... Kxg7 34. f6+ Kg8 35. Bh7+ Kf8 36. Bf5 Rc2+ 37. Kd3 Be4+ 38. Bxe4 Rc3+
39. Kd4 Ke8 40. Rh1 Ra3 41. Bc6+ Kd8 42. Ra1 Nf5+ 43. Kc5 Nxe3 44. Be4 $11) 34.
Rxc6 Bxc6 35. Bf6 Nd6 36. Kd2 Be4 37. Ba6 Kh7 38. Kc1 Kg6 39. Kb2 Bb1 40. Ka1
Ne4 41. Bc4 Nxf6 42. gxf6 Kxf6 43. Bxf7 Kxf7 44. e4 $11)) 32. Bxg7 {Looks
exciting but has no punch.} Kxg7 $8 (32... Bd1+ $2 33. Rxd1) (32... Bd5 $2 33.
e4 Kxg7 34. exd5 Rc2+ 35. Bxc2 Nxc2 36. d6 $18) 33. f6+ Rxf6 $5 (33... Kg8 34.
Bh7+ Kf8 35. Be4 Kg8 {and now white has to make a draw since the queen sac
loses.} 36. Bh7+ $11 (36. Bxc6 $2 Nb1 37. Be4 a1=Q 38. Bh7+ Kf8 39. Bxb1 Ke8
$19 (39... Bc4+ 40. Kf3 Bd5+ 41. e4 Bxe4+ $1 $19))) 34. gxf6+ Kxf6 35. Ra1 (35.
Kd2 Nb1+ 36. Rxb1 axb1=Q 37. Bxb1 $11 {is even simpler.}) 35... Nc4 36. Bxc4 (
36. Rc1 Ke5 $11) 36... Bxc4+ 37. Kd2 Ke5 {With this draw I have secured the
first place.} (37... Ke5 38. Kc3 Be6 39. Kb2 Ke4 40. Rf1 Kxe3 41. Rxf7 Bxf7 42.
Ka1 $11 {looks like just fun.}) 1/2-1/2